000 00427nam a22001577a 4500
005 20250205142635.0
008 250205b |||||||| |||| 00| 0 eng d
020 _a8125909427
050 _aHG4521
_bRAM
100 _aRaman, V N S
245 _aInvestment principles and techniques
260 _aNew Delhi
_bVikas Publishing House Pvt Ltd
_cc2001
300 _ax, 462p;
_bill.;
500 _aincludes index
942 _2lcc
_cBK
_n0
999 _c3447
_d3447